000
00305cam a22001097a 4500
008
180718b1985 xxu||||| |||| 00| 0 eng d
082
_a
O91 In2
245
_a
World environment
_c
by Lok Sabha Secretariat
260
_a
New Delhi
_b
Lok Sabha Secretariat
_c
1985
300
_a
--
700
_a
Lok Sabha Secretariat
999
_c
494164
_d
494164